000 00313nam a2200145Ia 4500
100 _aRaven/Francis H
250 _a4
942 _cBK
654 _aAutomatic
245 _aAutomatic control engineering
260 _bMcGraw Hill
_aNew York
_c1987
082 _a629.83
_bRAV
300 _a566
546 _aENGLISH
999 _c20351
_d20351